000 00499nam a2200193 a 4500
001 1767414371283
003 YourLibrary
005 20260103103039.0
008 260103s2001##################000#0#eng##
020 _a9780099257035
082 0 4 _a296.155
_bBAI
100 1 _aBaigent, Michael,
_eauthor.
245 1 0 _aThe Dead Sea Scrolls Deception :
260 _bRandom House,
_c2001.
300 _a428 pages
650 0 _aReligion.
942 _cENGLISH
040 _aYourLibrary
_beng
_cYourLibrary
999 _c606909
_d606909